000
00273nam a22001217a 4500
003
SGT
082
_a
340
_b
L08C
100
_a
CHESTMAN, SIMON
245
_a
LAW & PRACTICE OF THE UNITED NATIONS
260
_b
OXFORD UNIVERSITY PRESS
_c
2008
300
_a
648
942
_2
ddc
_c
BK
999
_c
31856
_d
31856